Movie Lines - Statistics

General Stats
  • This quiz has been taken 21 times
    8 since last reset
  • The average score is 12 of 37
Answer Stats
Line Character who said the line Movie % Correct
You tell me your name and I'll tell you mine Ghostface Scream
100%
Madness? THIS. IS. SPARTA! Gerald Butler 300
83%
Be silent! Keep your forked tongue behind your teeth Gandalf Lord Of The Rings
83%
And I.....Am......Iron Man Iron Man Avengers: Endgame
67%
Fine! I only have 12 bullets, so you're gonna have to share! Let's count em' down Deadpool Deadpool
67%
Toto, I have a feel we're not in Kansas anymore Dorothy Wizard of Oz
67%
Well for one thing, I'm not Asgardian. And for another, We have a hulk Loki Avengers: Infinity War
50%
Pac-man's a bad guy? Adam Sandler Pixels
50%
I gotta stop drinking. Ghostface Scary Movie
50%
You were the chosen one! It was said that you would destroy the sith, not join them! Obi-Wan Kenobi Star Wars: Revenge Of The Sith
50%
You wanna know how I got these scars? The Joker The Dark Knight
50%
This guy's incouragable! The Mask The Mask
50%
Then I'll huff, and I'll puff, and I'll blow your house in! Johnny The Shining
50%
You'll be this armless, legless, faceless thing won't you. Rolling down the street. Like a turd in the wind Venom Venom
50%
They may take our lives, but they'll never take our freedom!!! William Wallace Braveheart
33%
We are groot Groot Guardians of the Galaxy Vol. 1
33%
What a nice boat Pennywise IT: Chapter One
33%
Gosh, I only "axed" you for a smoke. Jack Frost Jack Frost
33%
You're gonna need a bigger boat Chief Brody Jaws
33%
I'll not rest till I have me gold, curse the well that me sould shall dwell, till I find me magic that breaks me spell Leprechaun Leprechaun
33%
(sign language) I love you. I have always loved you Lee Abbott A Quiet Place
17%
It's time to fight dirty Colossus Deadpool 2
17%
Freddy! Go to hell! Lori Freddy Vs Jason
17%
He's waited for this night, he's waited for me, I've waited for him Jamie Lee Curtis Halloween (2018)
17%
I know what you are. A madman Spider Penny IT: Chapter Two
17%
Don't just stand there! In you go! Nigel Billingsly Jumanji: Welcome To The Jungle
17%
GET OVER HERE!!! Scorpion Mortal Kombat (2021)
17%
Did you just call me.....Blob? Blob X-Men Origins: Wolverine
17%
NOOOOOOO!!! Bishop Alien 3
0%
Thank you, have a nice day Killbot Chopping Mall
0%
I think we're dead meat. Real dead meat Camp Kid Friday the 13th Part 6: Jason Lives
0%
I remember you, and I remember we beat you. I'm not afraid of you Future Bill IT: 1990
0%
Bravestone! I told you to stay the hell away from my wife! Switchblade Jumanji: The Next Level
0%
It looks like that it decorated by "Klowns R Us" Mike Tobacco Killer Klowns From Outer Space
0%
31 minutes, it's free! Mortimer Leprechaun 2
0%
I'm sorry, she was..... nice to me Ozzie Leprechaun Returns
0%
The soil of a man's heart, Louis, is stonier Judd Crandal Pet Semetary
0%
No matching quizzes found
Score Distribution
Percent of People with Each Score
Percentile by Number Answered
Your Score History
You have not taken this quiz since the last reset